Welcome to CU Library Online Public Access Catalogue (OPAC)

Introduction to C programming : (Record no. 762)

MARC details
000 -LEADER
fixed length control field 00649cam a22002054a 4500
001 - CONTROL NUMBER
control field 12752124
005 - DATE AND TIME OF LATEST TRANSACTION
control field 20241106200539.0
008 - FIXED-LENGTH DATA ELEMENTS--GENERAL INFORMATION
fixed length control field 020424s2003 njua 001 0 eng
020 ## - INTERNATIONAL STANDARD BOOK NUMBER
International Standard Book Number 9780130608550
050 00 - LIBRARY OF CONGRESS CALL NUMBER
Classification number QA76.73.C15
Item number C65 2003
082 00 - DEWEY DECIMAL CLASSIFICATION NUMBER
Classification number 005.13/3
Edition information 21
100 1# - MAIN ENTRY--PERSONAL NAME
Personal name Collopy, David M.
245 10 - TITLE STATEMENT
Title Introduction to C programming :
Remainder of title a modular approach /
Statement of responsibility, etc. David M. Collopy.
250 ## - EDITION STATEMENT
Edition statement 2nd ed.
260 ## - PUBLICATION, DISTRIBUTION, ETC.
Place of publication, distribution, etc. Upper Saddle River, N.J. :
Name of publisher, distributor, etc. Prentice Hall,
Date of publication, distribution, etc. c2003.
300 ## - PHYSICAL DESCRIPTION
Extent xii, 692 p. :
Other physical details ill. ;
Dimensions 24 cm. +
Accompanying material 1 CD-ROM (4 3/4 in.)
500 ## - GENERAL NOTE
General note Includes index.
650 #0 - SUBJECT ADDED ENTRY--TOPICAL TERM
Topical term or geographic name entry element C (Computer program language)
942 ## - ADDED ENTRY ELEMENTS (KOHA)
Source of classification or shelving scheme Library of Congress Classification
Koha item type Books
Edition 2nd Ed.
Suppress in OPAC No
999 ## -
-- 762
-- 762
Holdings
Withdrawn status Lost status Source of classification or shelving scheme Damaged status Not for loan Collection Home library Current library Shelving location Date acquired Total checkouts Full call number Barcode Date last seen Copy number Price effective from Koha item type
    Library of Congress Classification     Non-fiction Science Library (Miotso) Science Library (Miotso) General stacks 11/06/2024   QA76.73 .C15 COL SLM00000442 11/06/2024 1 11/06/2024 Books
    Library of Congress Classification     Non-fiction Science Library (Miotso) Science Library (Miotso) General stacks 11/06/2024   QA76.73 .C15 COL SLM00000443 11/06/2024 2 11/06/2024 Books
© 2023-2024 Copyright: Central University Libraries. All Rights Reserved | Created by: Mahone Tech Office